• 首页
  • 本馆介绍
  • 公告通知
  • 最新文献
  • 馆藏检索
  • 电子资源
  • 读者导购
  • 参考咨询
  • 我的图书馆
  • 登录
  • 详细信息显示
  • 放入我的书架
  • 预约/预借图书
  • 作者相关作品
  • 分类相关作品
  • 丛书相关作品
  • 出版社相关作品

书目信息

  • 表格格式
  • 工作单格式
  • 卡片格式
题名:
纤维配筋混凝土
    
 
作者: 拉比诺维奇 著 ;李景星 , 钱清扬 译
分册:  
出版信息: 北京   中国建筑工业出版社  1978
页数: 66页
开本: 19cm
丛书名:
单 册:
中图分类: TU73
科图分类:
主题词: 纤维增强混凝土 , 建筑工程--施工机具
电子资源:
ISBN:
000 00766nam0 2200253 45
001 0178001647
005 20060303103343.84
010    @dCNY0.17
091    @a15040.3503
100    @a19950728d1978 em y0chiy0121 ea
101 1  @achi@crus
102    @aCN@b110000
105    @ay z 000yy
200 10 @a纤维配筋混凝土@Axian wei pei jin hun ning tu@f(苏)Ф·Н·拉比诺维奇著@F(su)Ф·Н·la bi nuo wei qi zhu@g李景星,钱清扬译
210    @a北京@c中国建筑工业出版社@d1978
215    @a66页@d19cm
606    @a纤维增强混凝土
606 0  @a建筑工程@x施工机具
690    @aTU73@v3
701  0 @a拉比诺维奇@Ala bi nuo wei qi@4著
702  0 @a李景星@Ali jing xing@4译
702  0 @a钱清扬@Aqian qing yang@4译
801  0 @aCN@bTSSF@c20060303
905    @a10447@dTU73@e1
    
    纤维配筋混凝土/(苏)Ф·Н·拉比诺维奇著/李景星,钱清扬译.-北京:中国建筑工业出版社,1978
    66页;19cm
    
    
    ISBN :CNY0.17
    
●
相关链接 在E读中查询图书 在五车中查询图书 在当当中查询图书 在豆瓣中查询图书


正题名:纤维配筋混凝土     索取号:TU73/1         预约/预借

序号 登录号 条形码 馆藏地/架位号 状态 备注
1 0003058   001481685   密集书库/ [索取号:TU73/1] 在馆    
唐山师范学院图书馆 欢迎您!
大连网信软件有限公司© 版权所有